|
|
|
|
| LEADER |
00000cam a2200000 a 4500 |
| 001 |
vtls001396597 |
| 003 |
SK-MaSNL |
| 005 |
20260302034744.0 |
| 008 |
220720s1999 xo fr 10000 slo |
| 015 |
|
|
|a SNBA2001/01-00238
|
| 020 |
|
|
|a 8096793632
|
| 035 |
|
|
|a SNK000350983
|
| 035 |
|
|
|a urn:nbn:sk:snk-amjqsg
|
| 035 |
|
|
|a urn:nbn:sk:snk:ar-008zga
|
| 035 |
|
|
|a b5fe763d-9377-43c4-ae6c-376940449224
|
| 040 |
|
|
|a SNK
|b slo
|c SNK
|e AACR2
|
| 041 |
0 |
|
|a slo
|
| 044 |
|
|
|a xo
|c SK
|
| 080 |
|
|
|a 008(437.622-21)(082)
|2 1981
|
| 111 |
2 |
|
|a Quo vadis, kultúra Nitry
|n (1. :
|d 1999 :
|c Nitra, Slovensko)
|4 aut
|9 111334
|
| 245 |
1 |
0 |
|a Quo vadis, kultúra Nitry?
|b zborník príspevkov, ktoré odzneli na 1. mestskej konferencii o kultúre v Nitre 8. septembra 1999
|
| 260 |
|
|
|a Nitra
|b Originál
|c 1999
|
| 300 |
|
|
|a 122 s.
|b sch.
|c 21 cm
|
| 500 |
|
|
|a Vydané pre Mestský úrad v Nitre
|
| 500 |
|
|
|a 200 výt.
|
| 655 |
|
7 |
|a zborníky konferencií
|2 SNKPH
|9 70153
|
| 655 |
|
7 |
|a issue_zb
|2 SNK
|9 276493
|
| 710 |
1 |
|
|a Nitra (Slovensko).
|b Mestský úrad
|4 pbl
|9 111333
|
| 919 |
|
|
|a 80-967936-3-2
|
| 954 |
|
|
|a odborná, vedecká literatúra pôvodná (slovenská)
|2 lita
|
| 958 |
|
|
|a ART
|
| 958 |
|
|
|a TL
|
| 958 |
|
|
|a OND
|
| 999 |
|
|
|c 1067653
|d 1069583
|
| 952 |
|
|
|t P60, <09>, [BOOK], {629}
|a SNK
|b SNK
|y NEVYP
|7 0
|o snkC 523
|i snk1030/20000925
|0 0
|1 0
|4 0
|d 2000-09-22
|l 0
|r 2005-01-02 00:00:00
|w 2026-02-24
|
| 952 |
|
|
|t P60, <03>, [BOOK], {603}
|a SNK
|b SNK
|y PREZ
|7 0
|p 17A0251678
|o snkSC 102717/1
|i snkKSP 9767/2000
|0 0
|1 0
|4 0
|d 2000-09-22
|l 0
|r 2025-09-24 00:00:00
|w 2026-02-24
|
| 952 |
|
|
|t P60, <04>, [BOOK], {604}
|a SNK
|b SNK
|y VYP
|7 0
|p 17A0251679
|o snkSC 102717/1 D1
|i snkKSP 9768/2000
|0 0
|1 0
|4 0
|d 2000-09-22
|l 0
|r 2005-01-02 00:00:00
|w 2026-02-24
|